01217nab a22002417a 4500999001500000003000400015005001700019008004100036040000700077100003100084245008100115260007300196300001300269500004500282505027800327505008900605650003500694650002900729650002900758650002700787773014800814942001300962 c5518d5518OSt20251210155705.0190604e xxu||||| |||| 00| 0 spa d cPJ aGaray, Oscar Ernesto9643513aRegulación de la historia clínica electrónica /cOscar Ernesto Garay. aCiudad Autónoma de Buenos Aires :bThomson Reuters La Ley, c2025. ap. 49-61 aCita Online: TR LALEY AR/DOC/1927/2025.  aSumario: I. Introducción.— II. El cambio de la historia clínica en el tiempo.— III. La Organización Mundial de la Salud (OMS) y la Organización Panamericana de la Salud (OPS) ante la salud digital.— IV. La historia clínica electrónica (HCE). Definiciones. t¿Te interesa el texto completo? Solicitalo al correo: koha@justierradelfuego.gov.ar 091497aCODIGO CIVIL Y COMERCIAL 095407aHISTORIA CLÍNICA 091253aDERECHO A LA SALUD 094108aDATOS PERSONALES0 0271493171dCiudad Autónoma de Buenos Aires : Thomson Reuters La Ley, 2014-tRevista anales de legislación argentina. Nº 10- Octubre 2025. 2udccANA